Vista normal
Vista MARC
Entrada Topical Term
Número de registros utilizados en: 1
001 - CONTROL NUMBER
- control field: 21858
003 - CONTROL NUMBER IDENTIFIER
- control field: OSt
005 - DATE AND TIME OF LATEST TRANSACTION
- control field: 20230915230831.0
008 - FIXED-LENGTH DATA ELEMENTS
- fixed length control field: 230915|| aca||aabn | a|a d
040 ## - CATALOGING SOURCE
- Original cataloging agency: OSt
- Transcribing agency: OSt
150 ## - HEADING--TOPICAL TERM
- Topical term or geographic name entry element: PEDAGOGIA
670 ## - SOURCE DATA FOUND
- Source citation: Work cat.: (OSt)25475: Vargas de Avella, Martha; Perez Abril, Mauricio; Saravia Canales, Luis Miguel 21855, Materiales educativos : , Convenio Andres Bello